000 00964nam a22003137a 4500
001 BR0303514
003 BR-BrBNA
005 20230928101331.0
007 ta
008 230509b bl.||||| |||| 00| 0 por d
040 _aBR-BrBNA
_bpor
_cBiblioteca Nacional de Agricultura
041 _a(Por)
072 _aF30; U10
_b1410
090 _ 1410 BR0303514
100 1 _aSilva, N.O.
110 1 _aUniversidade Federal de Lavras, MG (Brasil)
_0Tese (Mestrado)
245 1 _aSeleção natural e a decisão do melhorista sobre o melhor momento de abrir o "bulk" na cultura do feijoeiro
260 3 _aLavras, MG (Brasil):
_c2003.
300 _a56 p.
500 _aSummaries (Eng, Por); Bibliography p. 48-55; 10 tables
650 _aFEIJÃO
650 _aSELEÇÃO
650 _aSEGREGAÇÃO
650 _aCRUZAMENTO VEGETAL
650 _aMÉTODO DE MELHORAMENTO
650 _aMODELO MATEMÁTICO
909 _a202309
_bLucia
_c55
_dLucia Elande
942 _cBK
999 _c65310
_d65310